| 000 | 00505nam a2200181Ia 4500 | ||
|---|---|---|---|
| 008 | 151018s9999 xx 000 0 und d | ||
| 082 |
_bRBASDV4974 _a891.463 |
||
| 100 | _aम कृ थेटे | ||
| 245 | _aखरा ताईत | ||
| 250 | _b1 | ||
| 260 |
_bशरदचंद्र टोंगो _c1960 |
||
| 300 | _a4 | ||
| 600 | _aम कृ थेटे | ||
| 630 | _aखरा ताईत | ||
| 700 | _aम कृ थेटे | ||
| 730 | _aखरा ताईत | ||
| 942 | _cBOOK | ||
| 999 |
_c1007358 _d1007355 |
||